Normal view MARC view
  • Bruño, G. M.

Entry Nombre Personal

Number of records used in: 38

001 - NUMERO DE CONTROL

  • campo de control: 30581

003 - IDENTIFICADOR DE NUMERO DE CONTROL

  • campo de control: MX-MxUPN

005 - FECHA Y HORA DE LA ÜLTIMA TRANSACCIÓN

  • campo de control: 20240607144306.0

008 - DATOS DE LONGITUD FIJA

  • campo de control de longitud fija: 240508nn|acannaabn n aaa |d

010 #4 - NÚMERO DE CONTROL DE LA BIBLIOTECA DEL CONGRESO

  • Número de control LC: n 91021236

035 ## - NUMERO DE CONTROL

  • Número de control: UPN11000002687

040 ## - FUENTE DE CATALOGACIÓN

  • Lenguaje de catalogación: spa
  • Agencia de transcripción: DLC
  • Agencia original de catalogación: DLC
  • Agencia que lo modifica: MX-MxUPN
  • Agencia que lo modifica: DLC

100 1# - ENCABEZAMIENTO - NOMBRE PERSONAL

  • Nombre personal: Bruño, G. M.

370 ## - LUGAR ASOCIADO

  • Fuente del término: $naf
  • Place of birth: Aurillac, Francia
  • Place of death: Brioude, Francia

373 ## - GRUPO ASOCIADO

  • Fuente del término: $naf
  • Associated group: Christian Brothers

374 ## - OCUPACIÓN

  • Occupation: Sacerdote
  • Occupation: Profesor

400 1# - VEÁSE - NOMBRE DE PERSONA

  • Personal name: Bruño, Gabriel-Marie

670 ## - FUENTE EN LA QUE SE LOCALIZARON DATOS

  • Cita de la fuente: LC, 08 mayo 2024:
  • Información localizada: (Bruño, G. M.)
  • Uniform Resource Identifier: https://lccn.loc.gov/n91021236

680 ## - NOTA PUBLICA DE ACCESO PÚBLICO

  • Frase explicativa de la referencia: Religioso y profesor español

902 ## - CATALOGADOR

  • Catalogador: CAA/241110